| 000 | 00799nam a2200265Ia 4500 | ||
|---|---|---|---|
| 008 | 170711s9999 xx 000 0 und d | ||
| 020 | _a9780071279345 | ||
| 050 | _a651.7 | ||
| 050 | _bD286 2006 | ||
| 100 | _aDebelak, Don | ||
| 245 | _aPerfect phrases for business proposals & business plans : | ||
| 245 | _bhundreds of ready-to-use phrase for winning new clients, launching new products, and getting the funding you need / | ||
| 245 | _cby Don Debelak. | ||
| 260 | _aNew York : | ||
| 260 | _bMcGraw Hill, | ||
| 260 | _c2006 | ||
| 300 | _axv, 203 pages : | ||
| 300 | _billustrations ; | ||
| 300 | _c20cm. | ||
| 650 | _aBusiness planning. | ||
| 650 | _aProposal writing in business -- | ||
| 650 | _aProposal writing in business. | ||
| 650 | _xTerminology. | ||
| 700 | _aTitle. | ||
| 999 |
_c339614 _d339614 |
||